000 03051cam a2200685 i 4500
001 xx004874402
003 NUKAT
005 20260430131859.0
008 200601s2020 pl a |001 i pol c
020 _a9788360108567
_q(oprawa twarda)
020 _a9788380988644
_q(oprawa twarda)
035 _a(OCoLC)1156635796
035 _a(NUKAT)xx004874402
040 _aKAT U/MP
_bpol
_erda
_cKAT U/MPs
_dKAT U/DL
_dWA 14/PTs
_dOLSZT 008/bak
045 2 _bd1939
_bd1940
046 _k2020
_o1939
_p1940
245 0 0 _aTatuś wasz jest w Rosji... :
_blisty kieleckich katyńczyków /
_cwstęp, wybór i opracowanie Marek Jończyk.
246 3 0 _aListy kieleckich katyńczyków
260 _aKielce :
_bWojewódzka Biblioteka Publiczna im. Witolda Gombrowicza w Kielcach ;
_aWarszawa :
_bInstytut Pamięci Narodowej - Komisja Ścigania Zbrodni przeciwko Narodowi Polskiemu,
_c2020.
300 _a214 stron :
_bilustracje ;
_c24 cm.
336 _aTekst
_btxt
_2rdacontent
337 _aBez urządzenia pośredniczącego
_bn
_2rdamedia
338 _aWolumin
_bnc
_2rdacarrier
380 _aKsiążki
380 _aLiteratura faktu, eseje, publicystyka
380 _aPublikacje naukowe
386 _mPrzynależność kulturowa
_aLiteratura polska
388 1 _a1901-2000
388 1 _a1939-1945
388 1 _a2001-
490 1 _aSeria świętokrzyska : dzienniki, wspomnienia, pamiętniki, listy ;
_vt. 5
504 _aBibliografia na stronach 185-192. Indeksy.
648 7 _a1901-2000
_2DBN
_934996
648 7 _a1939-1945
_2DBN
_936042
650 7 _aJeńcy wojenni
_2DBN
_935366
650 7 _aOfiary prześladowań
_2DBN
_940037
650 7 _aPolacy
_2DBN
_935100
650 7 _aSprawa katyńska
_2DBN
_940759
650 7 _aWięźniowie obozów
_2DBN
_936983
650 7 _aZbrodnia katyńska (1940)
_2DBN
_940760
650 7 _aKatyń, Zbrodnia (1940).
_2kaba
_940761
650 7 _aJeńcy wojenni polscy
_zZwiązek Radziecki
_y1900-1945
_vkorespondencja.
_2kaba
_941034
650 7 _aObozy koncentracyjne
_zZwiązek Radziecki
_y1900-1945.
_2kaba
_941035
650 7 _aWojna światowa (1939-1945)
_xwięźniowie i więzienia Sowietów.
_2kaba
_941036
650 7 _aWojna światowa (1939-1945)
_xstraty
_zPolska
_zKielce (region).
_2kaba
_941037
651 7 _aKielce (woj. świętokrzyskie ; okolice)
_2DBN
_941038
651 7 _aZSRR
_2DBN
_937200
655 7 _aAntologia
_2DBN
_934961
655 7 _aListy
_2DBN
_937131
655 7 _aWydawnictwo źródłowe
_2DBN
_935066
655 7 _aListy polskie
_y1900-1945.
_2kaba
_941039
658 _aHistoria
700 1 _aJończyk, Marek
_d(1966- ).
_eWstęp
_eRedakcja
_941033
710 2 _aInstytut Pamięci Narodowej - Komisja Ścigania Zbrodni przeciwko Narodowi Polskiemu.
_eWydawca
_4pbl
_911792
710 2 _aWojewódzka Biblioteka Publiczna im. Witolda Gombrowicza (Kielce).
_eWydawca
_4pbl
_917110
830 0 _aSeria Świętokrzyska "Dzienniki, Wspomnienia, Pamiętniki, Listy"
_vt. 5
_917113
920 _a978-83-60108-56-7 (oprawa twarda)
920 _a978-83-8098-864-4 (oprawa twarda)
942 _2ddc
_cBK_NM
999 _c27903
_d27903